Faith-Freedom-Commitment / (Record no. 193604)

MARC details
000 -LEADER
fixed length control field 00549nam a22001817a 4500
005 - DATE AND TIME OF LATEST TRANSACTION
control field 20230317151911.0
010 ## - LCCN (DPL NO)
LC control number ENG-135600
020 ## - INTERNATIONAL STANDARD BOOK NUMBER
Terms of availability 500.00
International Standard Book Number 978-93-90569-64-9
035 ## - SYSTEM CONTROL NUMBER
System control number EN-119132
037 ## - SOURCE OF ACQUISITION
Source of stock number/acquisition DBAD/PUB
082 ## - DEWEY DECIMAL CLASSIFICATION NUMBER
Classification number 230.2092
245 ## - TITLE STATEMENT
Title Faith-Freedom-Commitment /
Statement of responsibility, etc Edited by SJ Thomas Karimundackal
260 ## - PUBLICATION, DISTRIBUTION, ETC. (IMPRINT)
Date of publication, distribution, etc 2021
Name of publisher, distributor, etc Theological Publication
Place of publication, distribution, etc Delhi
270 ## - ADDRESS
Address P.O.1585, Kashmiri Gate
City Delhi
Postal code 110006
300 ## - PHYSICAL DESCRIPTION
Extent 431p
Dimensions 22cm(pbk)
700 ## - ADDED ENTRY--PERSONAL NAME
Personal name Thomas Karimundackal,SJ
942 ## - ADDED ENTRY ELEMENTS (KOHA)
Source of classification or shelving scheme Dewey Decimal Classification
Item type English Books
Call number suffix FAI
Classification part 230.2092
Holdings
Withdrawn status Lost status Not for loan Collection code Home library Current library Date acquired Source of acquisition Cost, normal purchase price Full call number Barcode Copy number Cost, replacement price Koha item type
      Non-fiction Katevara Katevara 04/11/2022 DBAD/PUB 500.00 230.2092 FAI EN-119132 1 500.00 English Books

© Delhi Public Library
Hit Counter
free hit counter